000 00269nam a2200109Ia 4500
008 180205s9999 xx 000 0 und d
020 _a9780439244190
100 _aSachar, Louis
245 _aHoles /
260 _aNew york :
_bScholastic Inc
_c2000
300 _a233 pages
999 _c354956
_d354956